De A à Z (1) - Statistiques

Statistiques générales
  • Ce quiz a été pris 123 fois
  • Le résultat moyen est 12 sur 26
Statistiques - réponses
Hint Réponse % Correct
C Couronné Empereur d'Occident en 800 Charlemagne
85%
T On les fait en salade avec de la Mozzarella par exemple, en sauce ou farcies Tomates
79%
A Premier pays du Monde, dans l'ordre alhabétique Afghanistan
74%
U Roi d'Ithaque, marié à Pénélope et père de Télémaque Ulysse
73%
W Prénom d'un des frères Dalton William
67%
B Il a notamment chanté Le Dîner et L'Effet Papilon Bénabar
64%
E Plante de montagne, son nom provient de l'Allemand qui signifie "Noble" et "Blanc" Edelweiss
61%
V Elle est à Mille temps pour Jacques Brel Valse
61%
N Personnage joué par Keanu Reeves, dans la saga Matrix Neo
58%
G Film de Ridley Scott, sorti en 2000, avec Russel Crowe et Joaquin Phoenix dans les rôles principaux Gladiator
56%
J Rappeur français, dont le vrai nom est Didier Morville JoeyStarr
53%
L Plus petit paus du Monde commençant par la lettre L Liechtenstein
52%
X Ville d'Andalousie, connue pour son Vin et son Vinaigre Xérès
51%
K Avec une altitude de 8 611 m, c'est le deuxième sommet du monde K2
50%
O Bételgeuse se situe dans cette Constellation Orion
50%
Q Etat d'Australie ayant Brisbane pour capitale Queensland
44%
H Série de Jeux vidéo de science-fiction militaire créée par Bungie, donc le premier jeu fut sorti en 2001 sur Xbox. L'histoire se déroule en 2552 et oppose les Humains à une Alliance d'Aliens nommée Covenant Halo
38%
Z Maladie virale caractérisée par une éruption de vésicules disposées sur le trajet des nerfs sensitifs Zona
36%
Y Nom de famille du seul Gardien de but ayant eu la Ballon d'Or Yachine
30%
I Dans les Antilles, elles sont Américaines et Britanniques Iles Vierges
25%
D Nom de famille de l'acteur ayant incarné François Perrin dans le film Coup de Tête en 1979 Dewaere
21%
R Monnaie de l'Afrique du Sud Rand
21%
F Ville de Seine-Maritime, d'environ 20 000 habitants, située à environ 40 km du Havre Fécamp
20%
P Chanson populaire, entonnée par les suppoters du RC Toulon Pilou-Pilou
13%
M Ile Britannique des Antilles, dont la plus grande ville est Brades Montserrat
9%
S Groupe de musique Allemand (Techno, Happy Hardcore) en activité depuis 1993, surtout connu en France pour ses deux premiers singles Hyper Hyper et Move your ass Scooter
6%
Aucun quiz correspondant
Distribution des résultats
% des personnes avec chaque résultat
Percentile par nombre de réponses
Votre historique - résultats
Vous n’avez pas pris ce quiz